000 01113cam a2200349 i 4500
003 EG-GICUC
005 20260223114745.0
008 260223s1990 nyua frb 001 0 eng d
040 _aEG-GICUC
_cEG-GICUC
_dEG-GICUC
_beng
_erda
043 _an-us---
050 0 0 _aKF410
_b.R44 1990
082 0 0 _a341.84
_221
092 0 4 _221
099 _aLaw 12 1971
100 1 _aReese, Willis L. M.
245 1 0 _aCases and materials on conflict of laws /
_cby Willis L. M. Reese, Maurice Rosenberg.
250 _a6th edition.
264 _aWestbury, N.Y. :
_bFoundation Press,
_c1971
300 _alxxi, 1058 Pages :
_b1 illustrations ;
_c27 cm.
336 _atext
_2rdacontent
337 _aComputer
_2rdamedia
338 _aOnline Resource
_2rdacarrier
440 0 _aUniversity casebook series
500 _aincludes index.
504 _aBibliography: pages 200-250.
650 0 _aConflict of laws
_zUnited States
_xCases.
_2qrmak
651 1 _2qrmak
700 1 _aRosenberg, Maurice,
_d1919-
856 4 0 _uhttps://fll.law.cu.edu.eg/fulltext/bks/ENGB12-00019.pdf
905 _a10
942 _2ddc
_cBK
_e21
_n0
999 _c64056
_d64056